000
00245nam a2200121Ia 4500
100
_a
GODBOLE ACHYUT S.
942
_c
BK
245
_a
KIMAYAGAR
260
_b
Rajhans Prakashan
_c
2008
082
_a
809.9/GOD
300
_a
591
546
_a
ENGLISH
999
_c
18918
_d
18918